[Event "Greifswald Ryck op"]
[Site "Greifswald"]
[Date "2004.08.28"]
[Round "5"]
[White "Kuprat, Thomas"]
[Black "Bach, Matthias"]
[Result "0-1"]
[WhiteElo "1995"]
[BlackElo "2354"]
[PlyCount "50"]
[EventDate "2004.08.26"]
[EventType "swiss"]
[EventRounds "7"]
[EventCountry "GER"]
[SourceTitle "EXT 2023"]
[Source "ChessBase"]
[SourceDate "2022.10.05"]
[SourceVersion "1"]
[SourceVersionDate "2022.10.05"]
[SourceQuality "1"]

1. d4 Nf6 2. c4 c5 3. d5 e6 4. Nc3 exd5 5. cxd5 d6 6. e4 g6 7. Bd3 Bg7 8. Nge2 0-0 9. 0-0 a6 10. a4 Nbd7 11. Ng3 Qc7 12. h3 Re8 13. f4 c4 14. Bc2 Nc5 15. Be3 Nfxe4 16. Ngxe4 Nxe4 17. Nxe4 f5 18. Bd4 fxe4 19. Re1 Qf7 20. Bxg7 Qxg7 21. Rxe4 Rxe4 22. Bxe4 Qxb2 23. Rb1 Qf6 24. Rb4 Qc3 25. Qb1 b5 0-1

[Event "Rostock  PSV op 03rd"]
[Site "Rostock"]
[Date "2003.08.31"]
[Round "7"]
[White "Illgen, Alexander"]
[Black "Kuprat, Thomas"]
[Result "1-0"]
[WhiteElo "1774"]
[BlackElo "2012"]
[PlyCount "121"]
[EventDate "2003.08.28"]
[EventType "swiss"]
[EventRounds "7"]
[EventCountry "GER"]
[SourceTitle "EXT 2009"]
[Source "ChessBase"]
[SourceDate "2008.11.26"]
[SourceVersion "1"]
[SourceVersionDate "2008.11.26"]
[SourceQuality "1"]

1. d4 Nf6 2. c4 e6 3. Nc3 Bb4 4. Qc2 c5 5. e3 b6 6. Bd3 Bb7 7. Nge2 Nc6 8. Bd2 cxd4 9. exd4 0-0 10. a3 Bxc3 11. Bxc3 d5 12. cxd5 Qxd5 13. f3 Rac8 14. Qd2 Rfd8 15. 0-0 e5 16. dxe5 Nxe5 17. Bxe5 Qxe5 18. Rac1 Qd5 19. Rfd1 Rxc1 20. Qxc1 g6 21. Nc3 Qc5+ 22. Kh1 Qf2 23. Qc2 Ng4 24. Be4 Rxd1+ 25. Qxd1 Bxe4 26. Nxe4 Qxg2+ 27. Kxg2 Ne3+ 28. Kg3 Nxd1 29. b3 Nb2 30. Nd6 a6 31. Kf4 Nd3+ 32. Ke3 Nc5 33. Nc8 Nxb3 34. Nxb6 Kf8 35. Nd5 Ke8 36. Nc7+ Kd7 37. Nxa6 Kd6 38. Nb4 Nc5 39. Nd3 Na4 40. Kd4 Nb6 41. Ne5 Ke6 42. Kc5 Na4+ 43. Kb4 Nb6 44. Kb5 Nd5 45. Nd3 Kd6 46. Nc5 Nc7+ 47. Kc4 Kc6 48. Ne4 h6 49. Nf6 Nb5 50. a4 Nd6+ 51. Kd4 Nf5+ 52. Ke5 Nh4 53. Ke4 Kc5 54. Ng8 f5+ 55. Ke3 h5 56. Kf2 f4 57. Ne7 g5 58. h3 g4 59. fxg4 hxg4 60. hxg4 Kd6 61. Nf5+ 1-0

[Event "Rostock  PSV op 03rd"]
[Site "Rostock"]
[Date "2003.08.30"]
[Round "5"]
[White "Herde, Dittmar"]
[Black "Kuprat, Thomas"]
[Result "1/2-1/2"]
[WhiteElo "1773"]
[BlackElo "2012"]
[PlyCount "29"]
[EventDate "2003.08.28"]
[EventType "swiss"]
[EventRounds "7"]
[EventCountry "GER"]
[SourceTitle "EXT 2009"]
[Source "ChessBase"]
[SourceDate "2008.11.26"]
[SourceVersion "1"]
[SourceVersionDate "2008.11.26"]
[SourceQuality "1"]

1. d4 Nf6 2. c4 e6 3. Nc3 Bb4 4. Nf3 b6 5. e3 Ne4 6. Bd2 Nxd2 7. Qxd2 Bb7 8. Be2 d5 9. a3 Be7 10. cxd5 exd5 11. b4 0-0 12. 0-0 Nd7 13. Rfc1 Rc8 14. Qd1 a6 15. Qb3 1/2-1/2

[Event "Greifswald Ryck op"]
[Site "Greifswald"]
[Date "2002.08.24"]
[Round "2"]
[White "Kuprat, Thomas"]
[Black "Ksieski, Zbigniew"]
[Result "0-1"]
[WhiteElo "2008"]
[BlackElo "2396"]
[PlyCount "46"]
[EventDate "2002.08.??"]
[EventType "swiss"]
[EventRounds "7"]
[EventCountry "GER"]
[SourceTitle "EXT 2005"]
[Source "ChessBase"]
[SourceDate "2004.11.15"]
[SourceVersion "1"]
[SourceVersionDate "2004.11.15"]
[SourceQuality "1"]

1. d4 Nf6 2. c4 e6 3. Nf3 b6 4. a3 Ba6 5. Qc2 c5 6. e3 Be7 7. Bd3 cxd4 8. exd4 Bb7 9. Nbd2 d6 10. 0-0 0-0 11. Ne4 Nbd7 12. Bg5 h6 13. Bh4 Rc8 14. Nxf6+ Bxf6 15. Bg3 Bxf3 16. gxf3 Bxd4 17. Bxd6 Be5 18. Bxe5 Nxe5 19. Rad1 Nxf3+ 20. Kg2 Qf6 21. Qe2 Rc5 22. Be4 Ng5 23. Bb1 e5 0-1

[Event "Wernigerode op-A 7th"]
[Site "Wernigerode"]
[Date "1998.10.17"]
[Round "5"]
[White "Kuprat, Thomas"]
[Black "Steffen, Rico"]
[Result "1/2-1/2"]
[WhiteElo "1994"]
[BlackElo "1865"]
[PlyCount "68"]
[EventDate "1998.10.15"]
[EventType "swiss"]
[EventRounds "7"]
[EventCountry "GER"]
[SourceTitle "EXT 2020"]
[Source "ChessBase"]
[SourceDate "2019.10.17"]
[SourceVersion "1"]
[SourceVersionDate "2019.10.17"]
[SourceQuality "1"]

1. Nf3 d5 2. d4 Nf6 3. c4 c6 4. Nc3 dxc4 5. a4 Bf5 6. e3 e6 7. Bxc4 Bb4 8. 0-0 Nbd7 9. Qe2 Bg6 10. Nh4 0-0 11. Nxg6 hxg6 12. Bd2 c5 13. dxc5 Bxc5 14. Rfd1 Qe7 15. a5 Ne5 16. Bb3 Rfd8 17. Na4 Bb4 18. Bc3 Bxc3 19. Nxc3 Qb4 20. Qc2 Rxd1+ 21. Qxd1 Nc6 22. Ra4 Qc5 23. a6 b5 24. Ra1 Ne8 25. Ne4 Qb4 26. Ng5 Rd8 27. Qc2 Na5 28. Bxe6 fxe6 29. Qxg6 Nf6 30. Qf7+ Kh8 31. Nxe6 Rd7 32. Qg6 Qe4 33. Qxe4 Nxe4 34. f3 Nb3 1/2-1/2

[Event "Wernigerode op-A 7th"]
[Site "Wernigerode"]
[Date "1998.10.15"]
[Round "2"]
[White "Kuprat, Thomas"]
[Black "Heinzel, Olaf"]
[Result "0-1"]
[WhiteElo "1994"]
[BlackElo "2365"]
[PlyCount "80"]
[EventDate "1998.10.15"]
[EventType "swiss"]
[EventRounds "7"]
[EventCountry "GER"]
[SourceTitle "EXT 2020"]
[Source "ChessBase"]
[SourceDate "2019.10.17"]
[SourceVersion "1"]
[SourceVersionDate "2019.10.17"]
[SourceQuality "1"]

1. d4 d5 2. c4 e6 3. Nf3 c6 4. cxd5 exd5 5. Nc3 Nf6 6. Bg5 h6 7. Bh4 Bf5 8. e3 Qb6 9. Qb3 Nbd7 10. Be2 Qxb3 11. axb3 Ne4 12. 0-0 g5 13. Bg3 Nxg3 14. hxg3 Bd6 15. Nd2 Nf6 16. Rfe1 0-0 17. Rac1 Rae8 18. Na4 Nd7 19. Bd1 Re7 20. Bc2 Bxc2 21. Rxc2 f5 22. Nf1 f4 23. gxf4 gxf4 24. f3 fxe3 25. Rxe3 Rf4 26. Rd3 Nf8 27. Nc3 Ng6 28. Ne2 Rf6 29. g3 Bc7 30. Nh2 h5 31. Kg2 Rfe6 32. Kf2 h4 33. f4 hxg3+ 34. Rxg3 Kf7 35. Nf3 Rf6 36. Ng5+ Ke8 37. Nh3 Nxf4 38. Nexf4 Bxf4 39. Rf3 Be3+ 40. Kg2 Rg6+ 0-1